FOUNTAINHEAD (Record no. 2302)

MARC details
000 -LEADER
fixed length control field 00309nam a2200133Ia 4500
008 - FIXED-LENGTH DATA ELEMENTS--GENERAL INFORMATION
fixed length control field 240624s9999 xx 000 0 und d
041 ## - LANGUAGE CODE
Language code of text/sound track or separate title eng
082 ## - DEWEY DECIMAL CLASSIFICATION NUMBER
Classification number 823 RAN
100 ## - MAIN ENTRY--PERSONAL NAME
Personal name RAND AYN
245 ## - TITLE STATEMENT
Title FOUNTAINHEAD
260 ## - PUBLICATION, DISTRIBUTION, ETC.
Date of publication, distribution, etc. 1947
Place of publication, distribution, etc. London
Name of publisher, distributor, etc. HarperCollins Publishers
300 ## - PHYSICAL DESCRIPTION
Extent 679 : cm. ; 18
365 ## - TRADE PRICE
Currency code RS
Holdings
Withdrawn status Lost status Damaged status Not for loan Home library Current library Shelving location Date acquired Source of acquisition Cost, normal purchase price Total Checkouts Total Holds Full call number Barcode Date last seen Date last checked out Copy number Price effective from Koha item type
        IMTN IMTN Rack 38-B 03/29/2005 WBD 328.00 1 1076 823 RAN 2302 11/27/2024 11/19/2024 1 06/24/2024 Books
Designed & Maintained by: LRC IMT Nagpur Contact: lrc@imtnag.ac.in© 2024. All Rights Reserved.